000 00299nam a22001337a 4500
008 170620b xxu||||| |||| 00| 0 eng d
020 _a9780231132374
041 _aeng
080 _a32
100 _a20
101 _aSHP
245 _aTHE INDIA-CHINA RELATIONSHIP
_cFRANKEL, F.R
942 _2udc
_cBK
999 _c18294
_d18294